Clima urbano de la ciudad de Tandil /

Guardado en:
Otros Autores: Picone, Natasha. (Disertante), Campo, Alicia María. (Orientador), Fernández Equiza, Ana María. (Orientador)
Formato: Manuscrito
Idioma:Spanish
Publicado: 2014.
Materias:
Acceso en línea:Texto parcial
Etiquetas: Agregar Etiqueta
Sin Etiquetas, Sea el primero en etiquetar este registro!
LEADER 01296ntm a22003015a 4500
001 EUN.eunm005653
008 141104s2014####ag#######bm###000#0#spa#d
005 20201029171616.0
245 1 0 |a Clima urbano de la ciudad de Tandil /  |c Natasha Picone. 
260 |c 2014. 
300 |a xiii, 147 h. :  |b il. col., planos ;  |c 30 cm. 
500 |a Directora de tesis: Alicia María Campo; directora adjunta: Ana María Fernández Equiza. 
502 |a Tesis (doctoral)--Universidad Nacional del Sur. Departamento de Geografía y Turismo, 2014. 
530 |a Disponible también resumen, abstract y bibliografía en formato digital. 
504 |a Incluye referencias bibliográficas. 
100 1 |a Picone, Natasha.  |4 dis 
700 1 |a Campo, Alicia María.  |4 ths 
700 1 |a Fernández Equiza, Ana María.  |4 ths 
710 2 |a Universidad Nacional del Sur.  |b Departamento de Geografía y Turismo  |4 dgg. 
082 0 4 |a 040  |2 15 
082 0 4 |a 551.5982  |2 15 
650 7 |a Geografía.  |2 unbist 
653 |a Clima urbano 
653 |a Isla de calor 
651 0 |a Tandil (Argentina) 
856 4 1 |3 Texto parcial  |u http://repositoriodigital.uns.edu.ar/handle/123456789/521 
859 |a AR-BaUNS  |b BIB. CENTRAL - Tesis  |h 040  |i B148 2014-1326  |k R  |p 124733/014 
859 |a AR-BaUNS  |b Dto. Geografia  |h 040  |i B148 2014-1326  |p 124734/014